Schweizerisches Obligationenrecht. Allgemeiner Teil ohne Deliktsrecht.
Gorde:
| Egile nagusia: | |
|---|---|
| Beste egile batzuk: | , , , , , , , |
| Formatua: | Liburua |
| Hizkuntza: | ingelesa |
| Argitaratua: |
Zürich, Schweiz
Schulthess Polygraphischer,
1979.
|
| Gaiak: | |
| Etiketak: |
Etiketa erantsi
Etiketarik gabe, Izan zaitez lehena erregistro honi etiketa jartzen!
|
MARC
| LEADER | 00000nam a22000007a 4500 | ||
|---|---|---|---|
| 003 | CL-VaPUC | ||
| 005 | 20220822114448.0 | ||
| 008 | 220401t1979 ||||| |||| 00| 0 eng d | ||
| 999 | |c 435249 |d 435247 | ||
| 020 | |a 3-7255-1959-5 | ||
| 040 | |c Pontificia Universidad Católica de Valparaíso | ||
| 082 | |a 346.49402 BUC 1979 |2 22 | ||
| 100 | |a Bucher, Eugen |9 585891 |e autor | ||
| 245 | |a Schweizerisches Obligationenrecht. |b Allgemeiner Teil ohne Deliktsrecht. | ||
| 260 | |a Zürich, Schweiz |b Schulthess Polygraphischer, |c 1979. | ||
| 300 | |a XXXV, 690 páginas. | ||
| 500 | |a c.1 Donación Familia Prof. Alejandro Guzmán Brito. | ||
| 505 | |a Capítulos: - A. Einleitung. - B. Entstehung der obligation aus vertrag. - C. Erfulling und erfullungsstorungen. - D. Beendigung von Schuldverhaltnisee, BZW. von forderungen und schulden. - E. Besonderheiten nach vertragsinhalten. - F. Beteiligung dritter an schulverhaltnissen order deren entshung. - G. Kondiktion. | ||
| 583 | |c 20220401 |k Yessy Stephany Diaz Vidal | ||
| 651 | |a Suiza |x Código de obligaciones |9 870063 | ||
| 700 | |a Achermann, Katherina |9 867887 |e mitarbeit | ||
| 700 | |a Bauer, Bruno |9 867888 |e mitarbeit | ||
| 700 | |a Ulrich, Haug |9 867889 |e mitarbeit | ||
| 700 | |a Jaeger, Hans-Peter |9 867890 |e mitarbeit | ||
| 700 | |a Kaufmann-Bütschli, Lea R |9 867891 |e mitarbeit | ||
| 700 | |a Schaub, Rudolf P. |9 867894 |e mitarbeit | ||
| 700 | |a Schlauri, Franz Niklaus |9 867895 |e mitarbeit | ||
| 700 | |a Thür, Felix |9 867897 |e mitarbeit | ||
| 942 | |2 ddc |c BK |n 0 | ||
| 952 | |0 0 |1 0 |2 ddc |4 0 |6 346_494020000000000_BUC_1979 |7 0 |8 C_AGB |9 582385 |a BIBDER |b BIBDER |d 2022-04-01 |e Donación |i 5650664 |o 346.49402 BUC 1979 |p 5650664 |r 2023-01-25 |t 1 |w 2022-04-01 |y BK_US |k AGB | ||